| 000 | 01007nam a22002777a 4500 | ||
|---|---|---|---|
| 999 |
_c6867 _d6867 |
||
| 003 | AR-CdUCM | ||
| 008 | 190319b ||||| |||| 00| 0 spa d | ||
| 040 |
_aMUNICIPALIDAD PROVINCIAL DEL CUSCO _cBIBLIOTECA MUNICIPAL DEL CUSCO |
||
| 082 |
_a086.985 / _bC17 |
||
| 100 |
_aCalancha, Antonio de la _917744 |
||
| 245 |
_aCrónicas del Perú. Edición de Ignacio Prado Pastor : _bCrónica moralizada de Antonio de la Calancha / |
||
| 260 |
_aLima : _bUNMSM, _c1974- _c1982. |
||
| 300 |
_a6 volumenes ; _c21 cm. |
||
| 650 |
_aCrónicas _9247 |
||
| 650 |
_aDescripciones y viajes _9497 |
||
| 650 |
_aSiglo XVI _9326 |
||
| 650 |
_aDescubrimiento y Conquista, 1522-1536 _919348 |
||
| 650 |
_aHistoria _944017 |
||
| 650 |
_aAgustinos _919349 |
||
| 650 |
_aIglesia Católica _93151 |
||
| 650 |
_aGuerras Civiles, 1537-1555 _97381 |
||
| 650 |
_aHistoria _944017 |
||
| 700 |
_aPrado Pastor, Ignacio (transcripción, estudio crítico, notas bibliográficas e índices) _919350 |
||
| 942 |
_2ddc _cLIBROS |
||
| 945 | _azta | ||